000 00753nam a2200253 4500
001 14161
003 ES-MaACL
005 20250523062554.0
007 t|
008 890426s1993 sp ||||0| spa j
016 7 _zIBH82023474
020 _a84-85708-03-2
040 _aIBH
_bspa
_cM-BN-DP
080 _a860-14"19"
100 1 _aGarcía Calvo, Agustín,
_d1926-2012
_eaut
_9233841
245 1 0 _aRelato de amor
_b: endecha /
_cAgustín García Calvo ; [con un prólogo de Joaquín García Gallego].
250 _a4ª ed.
260 _aMadrid :
_bLucina,
_c1993.
300 _a213 p. ;
_c19 cm.
700 1 _aGarcía Gallego, Joaquín.
_954643
852 _aES-MaACL
_jL-21444
_bR.126731
942 _2udc
999 _c14161
_d14161